00357nam a2200109Ia 4500008004100000082000800041100001400049245006500063942000600128952009800134999001500232240331s9999 xx 000 0 und d bCEN aTotten, S 0aCentury of genocide :beyewitnessaccounts and critical views cL 001040708LaWERCLbWERCLcSSCd2024-03-31l0o 909.82 CENp2915r2024-03-31w2024-03-31yL c3424d3424